Nghiên cứu xử lý dịch rỉ nước thải của bãi rác Khánh Sơn – Hòa Khánh bằng bùn đỏ Tân Rai Lâm Đồng và oxy hóa nâng cao Fenton /
Nghiên cứu phân hủy chất thải từ những chất độc hại có trong nước rỉ trước khi thải ra ngoài môi trưoơờngbằng phương pháp keo tụ và hấp thụ trên bùn đỏ Tân Rai Lâm Đồng và phương pháp oxy hóa nâng cao Fenton cải tiến (tác nhân FeIII(C2O4)33- /H2O2/UV mặt trời)....
محفوظ في:
| المؤلف الرئيسي: | |
|---|---|
| مؤلفون آخرون: | |
| التنسيق: | كتاب |
| اللغة: | Vietnamese |
| منشور في: |
Đà Nẵng :
Đại học Đà Nẵng,
2013.
|
| الموضوعات: | |
| الوسوم: |
إضافة وسم
لا توجد وسوم, كن أول من يضع وسما على هذه التسجيلة!
|
| Thư viện lưu trữ: | Mạng thư viện Đại học Đà Nẵng |
|---|
| LEADER | 01902nam a2200361 4500 | ||
|---|---|---|---|
| 001 | 000019478 | ||
| 003 | 15913 | ||
| 005 | 20181004105620.0 | ||
| 008 | 140507s2013 viesd | ||
| 041 | |a vie | ||
| 082 | 1 | 4 | |a 628.4 |b NG-D |
| 100 | |a Nguyễn Thị Hướng Dương | ||
| 245 | 0 | |a Nghiên cứu xử lý dịch rỉ nước thải của bãi rác Khánh Sơn – Hòa Khánh bằng bùn đỏ Tân Rai Lâm Đồng và oxy hóa nâng cao Fenton / |c Nguyễn Thị Hướng Dương ; Phạm Cẩm Nam hướng dẫn. |k Luận văn Thạc sĩ | |
| 260 | |a Đà Nẵng : |b Đại học Đà Nẵng, |c 2013. | ||
| 300 | |a 80 tr., phụ lục 9 tr. ; |c 29 cm. |e Tóm tắt | ||
| 500 | |a Luận văn thạc sĩ Khoa học. Chuyên ngành: Hóa hữu cơ. Mã số: 60.44.27 | ||
| 520 | |a Nghiên cứu phân hủy chất thải từ những chất độc hại có trong nước rỉ trước khi thải ra ngoài môi trưoơờngbằng phương pháp keo tụ và hấp thụ trên bùn đỏ Tân Rai Lâm Đồng và phương pháp oxy hóa nâng cao Fenton cải tiến (tác nhân FeIII(C2O4)33- /H2O2/UV mặt trời). | ||
| 650 | 0 | 4 | |a Nước thải |v Luận văn tốt nghiệp |x Xử lý |
| 650 | 0 | 4 | |a Bùn đỏ |v Luận văn tốt nghiệp |x Xử lý nước thải |
| 653 | |a Xử lý nước thải | ||
| 653 | |a Bùn đỏ | ||
| 653 | |a Hóa hữu cơ | ||
| 700 | 1 | |a Phạm Cẩm Nam |c PGS.TS |e Hướng dẫn | |
| OWN | |a LSP | ||
| AVA | |a UDN50 |b LSP |d 628.4 NG-D |e available |t Error 5001 Not defined in file expand_doc_bib_avail. |f 1 |g 0 |h N |i 0 |k 1 | ||
| 999 | |a From the UDN01 | ||
| AVA | |a UDN50 |b LSP |d 628.4 NG-D |e available |t Error 5001 Not defined in file expand_doc_bib_avail. |f 1 |g 0 |h N |i 0 |k 1 | ||
| TYP | |a Monograph | ||
| TYP | |a Printed language | ||
| 980 | |a Mạng thư viện Đại học Đà Nẵng | ||